Регионална библиотека "Любен Каравелов" - Русе

Огненият ангел (Запис номер 152872)

MARC детайли
000 -Лидер
Контролно поле с фиксирана дължина 01451nam a2200313 c 4500
003 - Код на организацията, давaща контролен номер
Контролно поле BLK
005 - Дата и час на последна редакция
Контролно поле 20221205085645.0
008 - Елементи от данни с фиксирана дължина
fixed length control field 180410b bul|||||r ||||||| ||bul||
010 ## - Наследен системен номер
LC control number KNG00159391000
040 ## - Източник на каталожния запис
Идентификатор на билиотеката - собственик на записа BLK
041 ## - Код за език
Код за езика на текст/звукозапис или на отделно заглавие Български
Код за езика КДБФ Български
080 ## - УДК
Текстов определител УДК Руска литература
УДК код - определител по УДК 821.161.1
УДК определител -32
УДК - код + определител 821.161.1-32
100 1# - Редна дума - Автор
Автор Брюсов, Валерий Яковлевич
Авторска отговорност първи автор
R(LIN) 43596
139 ## - Редно поле
Редна дума Брюсов, Валерий Яковлевич
Авторски знак Бръ - Б 83
245 10 - Сведения за заглавието
Заглавие Огненият ангел
Подзаглавни данни Повест в 16 гл.
Редно поле (дума) Валерий Яковлевич Брюсов; с предг. от Иван Димитров Пауновски; прев. от рус. Донка Петкова Данчева.
257 ## - Страна на издаване
Страна на създаване/издаване СССР
260 ## - Област на издателските данни
Име на издателя, разпространителя и проч. Нар. култура
Година на издаване 1981
Печатница Варна : Ст. Добрев-Странджата
Място на издаване, разпространение и проч. София
300 ## - Физическа характеристика
Страници 371 с.
Размери/Мащаб 21 см
380 ## - Жанр
Жанр Худож. лит.
490 ## - СЕРИИ (Колекции)
Име на серия Библиотека Избрани романи
№: серия № 6
9 (RLIN) 201228
500 ## - Общи забележки
Забележка Ориг. загл. Огненый ангел. - 40 125 тир.
700 1# - Други автори (авторска отговорност)
Лично име Пауновски, Иван Димитров
Автороска отговорност (Описва отношението между автора и произведението) с предг. от
9 (RLIN) 367499
700 1# - Други автори (авторска отговорност)
Лично име Данчева, Донка Петкова
Автороска отговорност (Описва отношението между автора и произведението) прев. от рус.
9 (RLIN) 378928
852 ## - Местоположение
Форматна сигнатура Цб 111075
856 4# - Електронен адрес и достъп
Електронен формат pdf - файл
Инструкция (цена за достъп) 0.00
Права за достъп disable
856 4# - Електронен адрес и достъп
Електронен формат pdf - файл
Инструкция (цена за достъп) 0.00
Права за достъп disable
999 ## - СИСТЕМНИ КОНТРОЛНИ НОМЕРА
Koha biblionumber 152872
Koha biblioitemnumber 152872
942 ## - АРТИКУЛИ
Вид на библиотечния материал Книги
Скрит в OPAC Не
Периодичен библиозапис Да
944 ## - СЪЗДАВАНЕ И РЕДАКЦИЯ на ЗАПИСА
Създаване/Редакция Създаване
Дата на регистрацията/редакция 08.04.2014
Статус, дата на статуса 08.04.2014 - от С1,Р / 08.04.2014
Служител, извършил регистрацията/редакцията Самет_Онур
944 ## - СЪЗДАВАНЕ И РЕДАКЦИЯ на ЗАПИСА
Създаване/Редакция Редакция
Дата на регистрацията/редакция 08.04.2014
Статус, дата на статуса 08.04.2014 - от С1,Р / 08.04.2014
999 ## - СИСТЕМНИ КОНТРОЛНИ НОМЕРА
Koha biblioitemnumber 152872
Наличности
Код за отписване Код за изгубен артикул Източник на класификационната схема Код за повреда Коз за рестрикции Код за отдаване Артикулен № Име на библиотеката - собственик Име на библиотеката, в която се намира в момента Статус (Текущо местоположение) Дата на вписване в системата Местоположение - отдел Цена в лева Инвентарен номер Систематично азбучна сигнатура Баркод Номер на екземпляра Цена в евро Служебна бележка Служебен тип на артикула
  Не е изгубен Universal Decimal Classification Не е повреден без рестрикции ползва се в читалня 255709 Регионална библиотека "Любен Каравелов" Русе Регионална библиотека "Любен Каравелов" Русе Хранилище 1981-01-01 Хранилище 2.92 338010 Цб 111075 120000338010 1 1.49 Вид: Сф Дата: 01.01.1981 Книги
  Не е изгубен Universal Decimal Classification Не е повреден без рестрикции заемане за дома 255710 Регионална библиотека "Любен Каравелов" Русе Регионална библиотека "Любен Каравелов" Русе Заемна - подръчен фонд 1981-01-01 Заемна - подръчен фонд 2.92 337478 П -821.161.1-32/Б 83 120000337478 2 1.49 Вид: Сф Дата: 01.01.1981 Дата инв: 09.02.2018 Бележки инв: П2018 Книги
Изтеглен Не е изгубен Universal Decimal Classification Не е повреден без рестрикции заемане за дома 255711 Регионална библиотека "Любен Каравелов" Русе Регионална библиотека "Любен Каравелов" Русе Заемна - подръчен фонд 1981-01-01 Заемна - подръчен фонд 2.92 337483 П 882-32/Б 83 337483 3 1.49 Вид: Сф Дата: 01.01.1981 Книги
Vip Innovations Ltd, Rousse, Bulgaria 2025